01554nam a2200349 a 4500001001200000003000800012006001900020007001500039008004100054020001800095020001800113040002100131035002100152050002300173100002000196245012600216260007400342300002200416490003000438500017100468504005100639533015200690650003000842650001800872650002000890655002900910710007400939710001701013830003101030856012601061999001701187ebr10231120CaPaEBRm u cr cn|||||||||750730s1957 mnua sb 101 0 eng d z9780816604180 z9780816662814 aCaPaEBRcCaPaEBR a(OCoLC)23357439514aBF713b.H37 1957eb1 aHarris, Dale B.14aThe concept of developmenth[electronic resource] :ban issue in the study of human behavior /cedited by Dale B. Harris. aMinneapolis :bUniversity of Minnesota Press,cc1957g(1967 printing) ax, 287 p. :bill.1 aMinnesota paperbacks ;v7 aPapers presented at a conference held at the University of Minnesota, Dec. 8-10, 1955, to recognize the Institute of Child Welfare's productive work of three decades. aIncludes bibliographical references and index. aElectronic reproduction.bPalo Alto, Calif. :cebrary,d2013.nAvailable via World Wide Web.nAccess may be limited to ebrary affiliated libraries. 0aDevelopmental psychology. 0aHuman growth. 0aHuman behavior. 7aElectronic books.2local2 aUniversity of Minnesota.bInstitute of Child Development and Welfare.2 aebrary, Inc. 0aMinnesota paperbacks ;v7.40uhttp://site.ebrary.com/lib/rucke/Doc?id=10231120zAn electronic book accessible through the World Wide Web; click to view c39519d39519